Idiotismes en français - 1 - - Statistiques

Statistiques générales
  • Ce quiz a été pris 702 fois
  • Le résultat moyen est 12 sur 15
Statistiques - réponses
Hint Réponse % Correct
Il y a ***** sous roche Anguille
98%
Sauter du ***** à l'âne Coq
97%
Les ***** sont cuites Carottes
95%
Etre muet comme une ***** Carpe
95%
Prise de ***** Bec
91%
Couper l'***** sous le pied Herbe
91%
Avoir un oeil de ***** Faucon
88%
Etre frais comme un ***** Gardon
85%
Avoir des ***** Ailes
82%
Bec et ***** Ongles
82%
Peser un ***** mort Ane
74%
Travailler comme un ***** Castor
62%
Ne pas être un ***** de l'année Perdreau
60%
Vieux ***** Renard
57%
Coup de ***** Bélier
50%
Aucun quiz correspondant
Distribution des résultats
% des personnes avec chaque résultat
Percentile par nombre de réponses
Votre historique - résultats
Vous n’avez pas pris ce quiz